000 00924cam a2200265 a 4500
001 700473
003 GBCCL
005 20241126110336.0
008 960809s1996 moua b 000 0 eng
010 _a 96178858
020 _a0570015456
040 _aDLC
_cDLC
_dDLC
050 0 0 _aBV1485
_b.F78 1996
082 0 0 _a268.6
_220
_bFRY
100 1 _aFryar, Jane L.
_9226
245 1 0 _aChanging hearts, changing lives :
_bpractical ideas to make a difference in your classroom /
_cby Jane L. Fryar.
260 _aSt. Louis, MO :
_bConcordia Pub. House,
_cc1996.
300 _a128 p. :
_bill. ;
_c23 cm.
504 _aIncludes bibliographical references.
650 0 _aChristian education of young people.
_9459
650 0 _aYouth
_xReligious life.
_9460
906 _a7
_bcbc
_corignew
_d2
_encip
_f19
_gy-gencatlg
942 _2ddc
_cBK
_04
999 _c368
_d368